[Event "Moin, Moin"]
[Site "http://www.queenalice.com/game.php?id=250421"]
[Date "2007.8.3"]
[Round "-"]
[White "Tacitus"]
[Black "LikeTheSalsa"]
[Result "1/2-1/2"]
[WhiteElo "1355"]
[BlackElo "1428"]

1. e4 e6 2. d4 d5 3. Nc3 Nf6 4. Bg5 Be7 5. e5 Ne4 6. Bxe7 Qxe7 7. Nxe4 dxe4 8.
Qe2 Qb4+ 9. c3 Qb6 10. Qxe4 Qxb2 11. Rb1 Qxc3+ 12. Kd1 f5 13. Qc2 Qxd4+ 14. Bd3
Qxe5 15. Qa4+ Bd7 16. Qb4 b6 17. Nf3 Qd5 18. Qa3 Bb5 19. Rxb5 c5 20. Ng5 Nd7 21.
Re1 O-O-O 22. Nxe6 Rde8 23. Nxg7 Rxe1+ 24. Kxe1 a6 25. Rb2 Ne5 26. Bxf5+ Kb7 27.
f4 Nc4 28. Rxb6+ Kxb6 29. Qb3+ Kc6 30. Bd3 Qxg2 31. Qxc4 Qxg7 32. Qxa6+ Kd5 33.
Bc4+ Kd4 34. a4 Qg1+ 35. Kd2 Qxh2+ 36. Be2 Qxf4+ 37. Kc2 Qf2 38. Qd3+ Ke5 39. a5
Rc8 40. Kc3 c4 41. Qc2 Qe1+ 42. Qd2 Qa1+ 43. Qb2 Qxa5+ 44. Qb4 Qd5 45. Bxc4 h5
46. Qe7+ Kf4 47. Qb4 Qf3+ 48. Kb2 h4 49. Ba6+ Qe4 50. Qxe4+ Kxe4 51. Bxc8 Kf4
1/2-1/2

[Event "AUTO-BEG-90"]
[Site "http://www.queenalice.com/game.php?id=258971"]
[Date "2007.8.21"]
[Round "2"]
[White "LovelyLocksOfCheez"]
[Black "LikeTheSalsa"]
[Result "1-0"]
[WhiteElo "1304"]
[BlackElo "1440"]

1. e4 e5 2. Nf3 Nc6 3. Bc4 Nf6 4. Ng5 Bc5 5. Nxf7 Rf8 6. Nxd8 Nxd8 7. Nc3 Ng4 8.
Qxg4 d6 9. Qh5+ g6 10. Qxh7 Bd7 11. Nd5 b5 12. Qe7# 1-0

[Event "AUTO-BEG-90"]
[Site "http://www.queenalice.com/game.php?id=258972"]
[Date "2007.8.21"]
[Round "2"]
[White "LikeTheSalsa"]
[Black "LovelyLocksOfCheez"]
[Result "1-0"]
[WhiteElo "1416"]
[BlackElo "1325"]

1. e4 e5 2. Bc4 Nh6 3. Nf3 Bc5 4. O-O Nc6 5. d3 Qf6 6. Bg5 Qg6 7. c3 O-O 8. Nbd2
d6 9. h4 Bg4 10. Qb3 Bxf3 11. Nxf3 a5 12. Qxb7 Ng4 13. Qxc6 a4 14. b4 h6 15. Be7
Bxf2+ 16. Rxf2 Ne3 17. Bxf8 Kxf8 18. Qxa8+ Ke7 19. Bb5 Qg3 20. Ne1 Ng4 21. Qe8#
1-0

[Event "AUTO-BEG-90"]
[Site "http://www.queenalice.com/game.php?id=258975"]
[Date "2007.8.21"]
[Round "2"]
[White "flucris2701"]
[Black "LikeTheSalsa"]
[Result "0-1"]
[WhiteElo "1557"]
[BlackElo "1457"]

1. e4 e5 2. Nc3 Bc5 3. Nf3 Nc6 4. Bb5 Nd4 5. Nxd4 exd4 6. Nd5 c6 7. Bc4 Nf6 8.
Nxf6+ Qxf6 9. Qf3 b5 10. Qxf6 gxf6 11. O-O bxc4 12. c3 d3 13. Re1 O-O 14. a3 d5
15. exd5 cxd5 16. h3 f5 17. Re5 Be6 18. g3 Rfe8 19. b4 Bd6 20. Re3 f4 21. gxf4
Bxf4 22. Rf3 Be5 23. Bb2 Kh8 24. Re1 f6 25. Kg2 Rab8 26. a4 a5 27. b5 Rbd8 28.
Ree3 d4 29. cxd4 Bxd4 30. Bxd4 Rxd4 31. Rxf6 Bd5+ 32. f3 Rg8+ 33. Kf2 c3 34.
dxc3 d2 35. cxd4 d1=Q 36. Re1 Qxd4+ 0-1

[Event "AUTO-BEG-90"]
[Site "http://www.queenalice.com/game.php?id=258976"]
[Date "2007.8.21"]
[Round "2"]
[White "LikeTheSalsa"]
[Black "flucris2701"]
[Result "0-1"]
[WhiteElo "1477"]
[BlackElo "1575"]

1. e4 e5 2. Bc4 Nc6 3. d3 Nd4 4. c3 Nc6 5. Nf3 Be7 6. Be3 d6 7. Ng5 Bxg5 8. g3
Bxe3 9. fxe3 Nf6 10. Nd2 O-O 11. Nf3 Bg4 12. O-O Bxf3 13. Qxf3 Qd7 14. d4 exd4
15. exd4 Qg4 16. e5 dxe5 17. dxe5 Qxf3 18. Rxf3 Na5 19. Rf4 Nd7 20. e6 fxe6 21.
Bxe6+ Kh8 22. Bxd7 g6 23. Raf1 Rxf4 24. Rxf4 Rd8 25. Be6 Rd1+ 26. Rf1 Rxf1+ 27.
Kxf1 Kg7 28. b4 Kf6 29. Bg4 Nc4 30. Kf2 Ne5 31. Be2 b6 32. a4 c6 33. g4 Kg5 34.
h3 Nf7 35. Kg3 Ne5 36. h4+ Kf6 37. Ba6 h5 38. g5+ Kf5 39. Bc8+ Ke4 40. Bb7 Kd3
0-1

[Event "AUTO-BEG-90"]
[Site "http://www.queenalice.com/game.php?id=258977"]
[Date "2007.8.21"]
[Round "2"]
[White "J_Moura"]
[Black "LikeTheSalsa"]
[Result "1-0"]
[WhiteElo "1765"]
[BlackElo "1425"]

1. d4 d5 2. c4 dxc4 3. Nc3 Nc6 4. e3 e5 5. Nf3 Bg4 6. Bxc4 e4 7. Nxe4 Qe7 8.
Ned2 O-O-O 9. a3 Nf6 10. O-O Bxf3 11. Qxf3 h5 12. Nb3 b6 13. Qxc6 Rd6 14. Ba6+
Kd8 15. Qa8+ Kd7 16. Bd2 Ne4 17. Bb4 c5 18. Qc8# 1-0

[Event "AUTO-BEG-90"]
[Site "http://www.queenalice.com/game.php?id=258978"]
[Date "2007.8.21"]
[Round "2"]
[White "LikeTheSalsa"]
[Black "J_Moura"]
[Result "0-1"]
[WhiteElo "1455"]
[BlackElo "1834"]

1. e4 e6 2. d4 d5 3. Nc3 Nf6 4. f3 c5 5. Bb5+ Nc6 6. Nge2 dxe4 7. Nxe4 Nxe4 8.
fxe4 Bd7 9. c3 a6 10. Bxc6 Bxc6 11. Nf4 Bxe4 12. Qe2 Bd5 13. c4 Bc6 14. Be3 cxd4
15. Bd2 Be7 16. g3 Bxh1 17. O-O-O Bc6 18. a3 Rc8 19. Kb1 Ba4 20. Rc1 Qb6 21. Nd3
Bxa3 22. Bf4 O-O 23. Be5 f6 24. Bxd4 Qxd4 25. bxa3 e5 26. Nb2 Bc6 27. Rd1 Qe4+
28. Qxe4 Bxe4+ 29. Ka1 Bc2 30. Rd2 Bb3 31. Rd3 Bxc4 0-1

[Event "Bout time U woke up ]:p>"]
[Site "http://www.queenalice.com/game.php?id=272694"]
[Date "2007.9.16"]
[Round "-"]
[White "CowboyNoel"]
[Black "LikeTheSalsa"]
[Result "1-0"]
[WhiteElo "1492"]
[BlackElo "1471"]

1. e4 c5 2. Nf3 Nc6 3. Bc4 d6 4. b3 g6 5. Bb2 f6 6. Ng5 fxg5 7. Bxh8 Ne5 8. Bxg8
Bh6 9. Bxe5 dxe5 10. Bxh7 Qd6 11. Nc3 g4 12. h3 Bg5 13. hxg4 Be6 14. Bxg6+ Bf7
15. Bxf7+ Kxf7 16. Nd5 e6 17. Rh5 Rg8 18. Qf3+ Ke8 19. Nf6+ Bxf6 20. Qxf6 Rf8
21. Rh8 Rxh8 22. Qxh8+ Kd7 23. O-O-O c4 24. g5 cxb3 25. axb3 1-0

[Event "Hope U can handle all the fun ]:"]
[Site "http://www.queenalice.com/game.php?id=272695"]
[Date "2007.9.16"]
[Round "-"]
[White "LikeTheSalsa"]
[Black "CowboyNoel"]
[Result "1/2-1/2"]
[WhiteElo "1456"]
[BlackElo "1490"]

1. e4 e5 2. Bc4 b6 3. d3 g6 4. Qf3 Qe7 5. Nh3 Bg7 6. Nc3 Na6 7. Nd5 Qf8 8. Ng5
d6 9. Bb5+ Bd7 10. Bxa6 c6 11. Nc7+ Kd8 12. Nce6+ fxe6 13. Nf7+ Kc7 14. Bg5 Nh6
15. Bxh6 Bxh6 16. Nxh8 Qxh8 17. Qh3 Bf4 18. Bc4 Rf8 19. Bxe6 Bxe6 20. Qxe6 Rf6
21. Qe7+ Kc8 22. Qxa7 d5 23. g3 Qf8 24. gxf4 Rxf4 25. Qxb6 Rxf2 26. Qxc6+ Kd8
27. Qxd5+ Kc8 28. Qe6+ Kb7 29. Qxe5 Rxc2 30. Rf1 Qb4+ 31. Qc3 Rxc3 32. bxc3
Qxc3+ 33. Ke2 Qc2+ 34. Ke3 Qxh2 35. Rfc1 g5 36. Rab1+ Ka7 37. Rh1 Qg3+ 38. Kd4
Qf2+ 39. Kd5 Qxa2+ 40. Kd4 Qa4+ 1/2-1/2

[Event "AUTO-INT-528"]
[Site "http://www.queenalice.com/game.php?id=329909"]
[Date "2008.1.3"]
[Round "2"]
[White "LikeTheSalsa"]
[Black "jumping"]
[Result "0-1"]
[WhiteElo "1450"]
[BlackElo "1557"]

1. e3 e5 2. Bc4 d5 3. Bb5+ c6 4. Bf1 Nf6 5. c3 g6 6. Nf3 e4 7. Nd4 Bg7 8. d3 O-O
9. dxe4 dxe4 10. Nd2 Na6 11. Bxa6 bxa6 12. Nxc6 Qc7 13. Nd4 Re8 14. f3 exf3 15.
Qxf3 Bb7 16. Qg3 Qxg3+ 17. hxg3 Rxe3+ 18. Kf2 Ng4+ 19. Kg1 Re1+ 20. Nf1 Ne3 21.
Kf2 Rd1 22. Kxe3 Bh6+ 23. Ke2 Rxc1 24. Nb3 Rc2+ 25. Nfd2 Rxb2 26. Rxh6 Bxg2 27.
Kf2 Bd5 28. Ke3 Re8+ 29. Kd3 Rd8 30. Nd4 Rxa2 31. Rah1 Bxh1 32. Rxh1 h5 33. Ne4
Kg7 34. Kc4 Rc8+ 35. Kb3 Rg2 36. Nd6 Rb8+ 37. Ka4 Ra2# 0-1

[Event "AUTO-INT-528"]
[Site "http://www.queenalice.com/game.php?id=329910"]
[Date "2008.1.3"]
[Round "2"]
[White "jumping"]
[Black "LikeTheSalsa"]
[Result "1-0"]
[WhiteElo "1631"]
[BlackElo "1459"]

1. e4 d6 2. d4 f5 3. Nc3 Nf6 4. e5 dxe5 5. dxe5 Nfd7 6. Bd3 g6 7. b3 Nxe5 8. Bb2
Bg7 9. Na4 Nbc6 10. Nf3 O-O 11. O-O Nb4 12. Nxe5 Qd5 13. Nf3 Be6 14. Re1 Rad8
15. Qd2 a5 16. Bxg7 Kxg7 17. Qc3+ Kg8 18. Nc5 Bc8 19. Bc4 Qxc4 20. Qxc4+ Rd5 21.
Rad1 Rd8 22. Rxe7 Kf8 23. Rxd5 Nxd5 24. Rxh7 b6 25. Qh4 Rd6 26. Qh6+ Ke8 27.
Rh8+ Ke7 28. Qf8# 1-0

[Event "Challenge"]
[Site "http://www.queenalice.com/game.php?id=339833"]
[Date "2008.1.21"]
[Round "-"]
[White "Bixu"]
[Black "LikeTheSalsa"]
[Result "1-0"]
[WhiteElo "1727"]
[BlackElo "1438"]

1. Nf3 e6 2. Ne5 Bd6 3. d4 Nf6 4. Bg5 c5 5. Nc4 Nc6 6. Nxd6+ Kf8 7. dxc5 Qa5+ 8.
c3 Qxc5 9. Be3 Qe5 10. b4 Ne4 11. Nxe4 Nxb4 12. Bc5+ Kg8 13. Nbd2 Nd5 14. Bd4
Qc7 15. e3 f5 16. Qh5 g6 17. Qg5 e5 18. Bc4 Kg7 19. Bxd5 exd4 20. Qf6+ Kh6 21.
Qxh8 fxe4 22. Qxd4 d6 23. Nxe4 Bf5 24. O-O Rc8 25. Ng3 Bd7 26. Qh4+ Kg7 27. c4
Bc6 28. Qg5 Bxd5 29. Qxd5 Rb8 30. Qd4+ Kh6 31. Ne4 Rd8 32. Nf6 Qf7 33. h4 g5 34.
Rad1 Kg6 35. hxg5 Kxg5 36. Qf4+ Kg6 37. Qg4+ Kxf6 38. Qh4+ Kg7 39. Qxd8 Qxc4 40.
Rxd6 Qxa2 41. Qe7+ 1-0

[Event "long time no play"]
[Site "http://www.queenalice.com/game.php?id=353784"]
[Date "2008.2.13"]
[Round "-"]
[White "LikeTheSalsa"]
[Black "cyrus"]
[Result "0-1"]
[WhiteElo "1449"]
[BlackElo "1729"]

1. Nf3 d5 2. e3 Nf6 3. d4 e6 4. Bd3 g6 5. Nc3 Bg7 6. b3 O-O 7. Ba3 Re8 8. Ne5
Nbd7 9. Ne2 Nxe5 10. dxe5 Ne4 11. Bb2 Qg5 12. g3 Qf5 13. O-O Bxe5 14. Bxe5 Qxe5
15. Nd4 c6 16. a4 a5 17. Bxe4 dxe4 18. f4 Qd6 19. c3 e5 20. fxe5 Qxe5 21. Ne2
Bg4 22. Qc2 Bf3 23. Nd4 Qh5 24. Ra2 Re5 25. Ne2 g5 26. Nd4 g4 27. b4 Qh3 28.
Nxf3 gxf3 29. Rf2 f5 30. b5 cxb5 31. axb5 Rxb5 32. c4 Rb4 33. c5 Rd8 34. Rb2
Rxb2 35. Qc4+ Kf8 36. Rxb2 Rd1+ 37. Qf1 Qxf1# 0-1

[Event "Hello America"]
[Site "http://www.queenalice.com/game.php?id=403090"]
[Date "2008.5.14"]
[Round "-"]
[White "Tacitus"]
[Black "LikeTheSalsa"]
[Result "0-1"]
[WhiteElo "1540"]
[BlackElo "1457"]

1. e4 c5 2. Nf3 e6 3. d4 b6 4. c3 Nf6 5. e5 Ne4 6. Nbd2 Bb7 7. dxc5 Bxc5 8. Nxe4
Bxe4 9. Ng5 Bd5 10. b4 h6 11. Qh5 g6 12. Qh4 Be7 13. Bb5 Bxg5 14. Bxg5 Qxg5 15.
Qd4 Qxg2 16. Ke2 a6 17. c4 Qf3+ 18. Kd2 Nc6 19. Qxb6 Qf4+ 20. Qe3 Qxe3+ 21. Kxe3
Bxh1 22. Rxh1 axb5 23. cxb5 Ra3+ 24. Kd2 Rxa2+ 25. Kc3 Nxe5 26. b6 Ke7 27. f4
Nc6 28. b5 Na5 29. h4 Rb8 30. f5 gxf5 0-1

[Event "Challenge"]
[Site "http://www.queenalice.com/game.php?id=423721"]
[Date "2008.6.27"]
[Round "-"]
[White "soccer6"]
[Black "LikeTheSalsa"]
[Result "0-1"]
[WhiteElo "1364"]
[BlackElo "1444"]

1. e4 e5 2. Nf3 Nc6 3. g3 Nf6 4. d3 Bc5 5. Bg2 Ng4 6. O-O d6 7. h3 Nf6 8. c3 Be6
9. a3 d5 10. Qe2 d4 0-1

[Event "AUTO-INT-999"]
[Site "http://www.queenalice.com/game.php?id=447036"]
[Date "2008.8.11"]
[Round "1"]
[White "LikeTheSalsa"]
[Black "Peppone"]
[Result "0-1"]
[WhiteElo "1498"]
[BlackElo "1453"]

1. e4 c5 2. Bc4 Nc6 3. d3 Nf6 4. Nf3 d5 5. Bxd5 Nxd5 6. exd5 Qxd5 7. O-O Nd4 8.
Nc3 Nxf3+ 9. Qxf3 Qxf3 10. gxf3 Bh3 11. Rd1 e6 12. Nb5 Kd8 13. d4 Ke8 14. Nc7+
Kd8 15. Nxa8 Kc8 16. Bf4 cxd4 17. Rxd4 f6 18. Rc4+ Kd8 19. Rd1+ Ke7 0-1

[Event "AUTO-INT-999"]
[Site "http://www.queenalice.com/game.php?id=447039"]
[Date "2008.8.11"]
[Round "1"]
[White "limovsksan"]
[Black "LikeTheSalsa"]
[Result "1-0"]
[WhiteElo "1387"]
[BlackElo "1444"]

1. e4 e5 2. Nf3 Nc6 3. d4 d6 4. d5 Nce7 5. Nc3 Bg4 6. h3 Bxf3 7. Qxf3 Ng6 8.
Bb5+ Ke7 9. O-O a6 10. Be2 Ke8 11. Bd2 c6 12. a3 Nh4 13. Qg3 f5 14. Bg5 Be7 15.
Bxh4 Bxh4 16. Qxg7 Bf6 17. Bh5# 1-0

[Event "AUTO-INT-999"]
[Site "http://www.queenalice.com/game.php?id=447040"]
[Date "2008.8.11"]
[Round "1"]
[White "LikeTheSalsa"]
[Black "Zendrix"]
[Result "1-0"]
[WhiteElo "1480"]
[BlackElo "1538"]

1. e4 e5 2. Nf3 d6 3. Nc3 a6 4. Nd5 c5 5. c4 Bg4 6. Qa4+ Bd7 7. Qb3 Nc6 8. d3 b5
9. Bd2 b4 10. a3 bxa3 11. bxa3 Rb8 12. Qd1 h6 13. g3 Nf6 14. Bg2 Nxd5 15. cxd5
Nd4 16. O-O 1-0

[Event "AUTO-INT-999"]
[Site "http://www.queenalice.com/game.php?id=447041"]
[Date "2008.8.11"]
[Round "1"]
[White "Zendrix"]
[Black "LikeTheSalsa"]
[Result "0-1"]
[WhiteElo "1558"]
[BlackElo "1460"]

1. e4 Nc6 2. Nf3 e5 3. Bc4 Bc5 4. O-O Nf6 5. Ng5 O-O 6. c3 d5 7. exd5 Nxd5 8. d3
f5 9. b4 Be7 10. Qh5 h6 11. Nf3 Be6 12. b5 Bf7 13. Qxf5 Be8 14. bxc6 Rxf5 15.
cxb7 Rb8 16. Ba6 Qd6 17. Bc4 Bf7 18. Ba3 c5 0-1